00558nam a2200193Ia 4500008004100000020001800041082000800059100002600067245004600093250000600139260003000145300001600175500002400191650001000215700002500225942000700250952009000257999001700347230524s9999 xx 000 0 und d a9788174092593 bOZA aHasmukh P. Oza942846 0aSoil Mechanics and Foundation Engineering a2 aNew DelhibCharotarc2013 a"XXVI,722p" aQuantity Number: 1 aCivil aGautam H. Oza942847 cBK 00104070aTATCLbTATCLcGENd2023-05-24l0o OZAp54131r2023-05-24w2023-05-24yBK c57819d57819